000 00292nam a22001337a 4500
008 170905b xxu||||| |||| 00| 0 eng d
020 _a0495901717
041 _aeng
080 _213 ED
_a070
100 _a070
101 _aMED
245 _aCOMMUNICATION
_cVERDERBER.K.K
942 _2udc
_cBK
999 _c26091
_d26091